Movies Quiz

Random Movies Quiz

Waiting for the Sequel... Quiz Stats

 Plays Quiz Updated Oct 3, 2013

Challenge
Share
Tweet
Score 0/20 Timer 06:00
3 Plays Today
% Correct
Toy Story (1995, 1999, 2010)
99.8%
Superman (1978, 1981, 1983, 1987, 2006, 2013)
98.4%
Rocky (1976, 1979, 1982, 1985, 1990, 2006)
97.3%
The Muppets (1979, 1981, 1984, 1992, 1996, 1999, 2011)
97.2%
Star Wars (1977, 1980, 1983, 1999, 2002, 2005, 2008, 2015)
97.1%
Indiana Jones (1981, 1984, 1989, 2008)
95.6%
Planet of the Apes (1968, 1970, 1971, 1972, 1973, 2001, 2011, 2014)
94.9%
Terminator (1984, 1991, 2003, 2009, 2015)
94.3%
Scream (1996, 1997, 2000, 2011)
92.5%
Hannibal Lecter (1986, 1991, 2001, 2002, 2007)
90.2%
% Correct
The Pink Panther (1964, 1975, 1976, 1978, 1982, 1983, 1993, 2006, 2009)
89.7%
Rambo (1982, 1985, 1988, 2008)
88.3%
Die Hard (1988, 1990, 1995, 2007, 2013)
86.7%
A Nightmare on Elm Street (1984, 1985, 1987, 1989, 1991, 2003, 2010)
83.6%
Predator (1987, 1990, 2004, 2007, 2010)
78%
Texas Chainsaw Massacre (1974, 1986, 1990, 1995, 1997, 2003, 2006, 2013)
77.3%
The Godfather (1972, 1974, 1990)
76.8%
The Exorcist (1973, 1977, 1990, 2004, 2005)
56.6%
Psycho (1960, 1983, 1986, 1998)
40.3%
Evil Dead (1983, 1987, 1993, 2013)
13.7%

You're not logged in!

Compare scores with friends on all Sporcle quizzes.
Join for Free
OR
Log In

You Might Also Like...

Show Comments

Extras

Top Quizzes Today


Score Distribution

Your Account Isn't Verified!

In order to create a playlist on Sporcle, you need to verify the email address you used during registration. Go to your Sporcle Settings to finish the process.

Report this User

Report this user for behavior that violates our Community Guidelines.

Details: